Normal view MARC view
  • Jagatap Tejashri

Entry Personal Name

Number of records used in: 1

001 - CONTROL NUMBER

  • control field: 212146

003 - CONTROL NUMBER IDENTIFIER

  • control field: OSt

005 - DATE AND TIME OF LATEST TRANSACTION

  • control field: 20250515151202.0

008 - FIXED-LENGTH DATA ELEMENTS

  • fixed length control field: 250515|| aca||aabn | a|a d

040 ## - CATALOGING SOURCE

  • Original cataloging agency: OSt
  • Transcribing agency: OSt

100 ## - HEADING--PERSONAL NAME

  • Personal name: Jagatap Tejashri

670 ## - SOURCE DATA FOUND

  • Source citation: Work cat.: (OSt)366380: Jagatap Tejashri, BEyond The Templde: A Holisticm Approach To Pandhar"s 4 Assets Of Tourism, 2025